[Event "CUB Province-chT Schools 54th"]
[Site "Santa Clara"]
[Date "2018.07.15"]
[Round "5.4"]
[White "Figueredo Dominguez, Reinaldo R"]
[Black "Sanchez Ramirez, Hernan Anderson"]
[Result "1-0"]
[WhiteElo "2018"]
[BlackElo "1560"]
[PlyCount "75"]
[EventDate "2018.07.13"]
[EventType "team-swiss"]
[EventRounds "9"]
[EventCountry "CUB"]
[SourceTitle "CBM 195 Extra"]
[Source "ChessBase"]
[SourceDate "2020.05.31"]
[SourceVersion "1"]
[SourceVersionDate "2020.05.31"]
[SourceQuality "1"]
[WhiteTeam "Cienfuegos"]
[BlackTeam "Isla de la Juventud"]
[WhiteTeamCountry "CUB"]
[BlackTeamCountry "CUB"]

1. e4 c5 2. Nf3 e6 3. d4 cxd4 4. Nxd4 a6 5. Bd3 Nf6 6. 0-0 d6 7. c4 g6 8. Nc3 Bg7 9. Be3 b6 10. f3 Bb7 11. Be2 Qc7 12. Qd2 Nbd7 13. Rac1 0-0 14. b3 Nc5 15. Rfd1 Rfd8 16. b4 Ncd7 17. Nd5 exd5 18. cxd5 Nc5 19. bxc5 bxc5 20. Nb3 Nd7 21. Na5 Rdc8 22. Rb1 Ra7 23. Nxb7 Rxb7 24. Bxa6 Rxb1 25. Rxb1 Rb8 26. Qe1 Nb6 27. Bb5 Qa7 28. a4 Nxa4 29. Bxa4 Rxb1 30. Qxb1 Qxa4 31. Qb8+ Bf8 32. Bh6 Qd1+ 33. Kf2 Qd4+ 34. Kg3 Qe5+ 35. Kf2 Qe7 36. Bxf8 Qxf8 37. Qc7 Kg7 38. e5 1-0

[Event "CUB Province-chT Schools 54th"]
[Site "Santa Clara"]
[Date "2018.07.14"]
[Round "4.1"]
[White "Sanchez Ramirez, Hernan Anderson"]
[Black "Perez Leiva, Jerzy Jesus"]
[Result "0-1"]
[WhiteElo "1560"]
[BlackElo "2326"]
[PlyCount "60"]
[EventDate "2018.07.13"]
[EventType "team-swiss"]
[EventRounds "9"]
[EventCountry "CUB"]
[SourceTitle "CBM 195 Extra"]
[Source "ChessBase"]
[SourceDate "2020.05.31"]
[SourceVersion "1"]
[SourceVersionDate "2020.05.31"]
[SourceQuality "1"]
[WhiteTeam "Isla de la Juventud"]
[BlackTeam "Villa Clara"]
[WhiteTeamCountry "CUB"]
[BlackTeamCountry "CUB"]

1. e4 c5 2. Nf3 Nc6 3. d4 cxd4 4. Nxd4 e6 5. Nb3 Nf6 6. Bd3 b6 7. 0-0 Qc7 8. f4 d6 9. Nc3 a6 10. Be3 Be7 11. Qf3 Bb7 12. a4 Nb4 13. Qh3 Nd7 14. a5 b5 15. Bd4 e5 16. Be3 0-0 17. Nd5 Bxd5 18. exd5 Nxd3 19. cxd3 Nf6 20. Rac1 Qb7 21. fxe5 dxe5 22. d6 Bd8 23. Bc5 Nd7 24. Bb4 Qd5 25. Qxd7 Qxb3 26. Bc3 Bg5 27. Rce1 f6 28. Re4 Qd5 29. Bb4 f5 30. Ree1 Qd4+ 0-1

[Event "CUB Province-chT Schools 54th"]
[Site "Santa Clara"]
[Date "2018.07.13"]
[Round "2.5"]
[White "Gallo Garcia, Kemel Antonio"]
[Black "Sanchez Ramirez, Hernan Anderson"]
[Result "1-0"]
[WhiteElo "2145"]
[BlackElo "1560"]
[PlyCount "65"]
[EventDate "2018.07.13"]
[EventType "team-swiss"]
[EventRounds "9"]
[EventCountry "CUB"]
[SourceTitle "CBM 195 Extra"]
[Source "ChessBase"]
[SourceDate "2020.05.31"]
[SourceVersion "1"]
[SourceVersionDate "2020.05.31"]
[SourceQuality "1"]
[WhiteTeam "Sancti Spiritus"]
[BlackTeam "Isla de la Juventud"]
[WhiteTeamCountry "CUB"]
[BlackTeamCountry "CUB"]

1. Nf3 Nf6 2. g3 g6 3. Bg2 Bg7 4. 0-0 d6 5. d4 0-0 6. c4 c5 7. Nc3 cxd4 8. Nxd4 a6 9. b3 Qc7 10. Bb2 Nc6 11. Rc1 Nxd4 12. Qxd4 Bd7 13. Qd2 Bc6 14. Nd5 Bxd5 15. cxd5 Qd7 16. e4 Rac8 17. Rce1 e5 18. dxe6 fxe6 19. Rd1 Ne8 20. Ba3 Rd8 21. Bh3 Rf7 22. Qd3 d5 23. exd5 Qxd5 24. Qxd5 exd5 25. Be6 Nc7 26. Bxf7+ Kxf7 27. Rfe1 Bf6 28. Bc5 Ne6 29. Be3 d4 30. Bd2 d3 31. Kg2 Nd4 32. Re4 Ne2 33. Rc4 1-0

[Event "Artemisa Inder Anivers"]
[Site "Artemisa"]
[Date "2018.02.24"]
[Round "8.2"]
[White "Yin Pujol, Ray Junior"]
[Black "Sanchez Ramirez, Hernan Anderson"]
[Result "0-1"]
[WhiteElo "1624"]
[BlackElo "1603"]
[PlyCount "68"]
[EventDate "2018.02.20"]
[EventType "team-tourn"]
[EventRounds "10"]
[EventCountry "CUB"]
[SourceTitle "EXT 2021"]
[Source "ChessBase"]
[SourceDate "2020.10.23"]
[SourceVersion "1"]
[SourceVersionDate "2020.10.23"]
[SourceQuality "1"]
[WhiteTeam "Havana"]
[BlackTeam "Isla de la Juventud"]
[WhiteTeamCountry "CUB"]
[BlackTeamCountry "CUB"]

1. d4 Nf6 2. Nf3 c5 3. d5 e6 4. c4 b5 5. b3 exd5 6. cxd5 d6 7. Qd3 a6 8. e4 Be7 9. Nbd2 0-0 10. Be2 Bb7 11. 0-0 Nbd7 12. Bb2 Ne8 13. h3 Bf6 14. Bxf6 Nexf6 15. Nh2 Re8 16. f4 Qb6 17. Kh1 Re7 18. Bf3 Rae8 19. g4 Kh8 20. Rg1 c4 21. bxc4 Nc5 22. Qd4 bxc4 23. Nxc4 Qc7 24. Nxd6 Qxd6 25. e5 Rxe5 26. fxe5 Rxe5 27. Rge1 Rxd5 28. Qe3 Rd2 29. Re2 Rd3 30. Qf2 Bxf3+ 31. Nxf3 Nce4 32. Rxe4 Nxe4 33. Qg2 Qf4 34. Rb1 Rxf3 0-1

[Event "Artemisa Inder Anivers"]
[Site "Artemisa"]
[Date "2018.02.21"]
[Round "3.2"]
[White "Sanchez Ramirez, Hernan Anderson"]
[Black "Yin Pujol, Ray Junior"]
[Result "1-0"]
[WhiteElo "1603"]
[BlackElo "1624"]
[PlyCount "59"]
[EventDate "2018.02.20"]
[EventType "team-tourn"]
[EventRounds "10"]
[EventCountry "CUB"]
[SourceTitle "EXT 2021"]
[Source "ChessBase"]
[SourceDate "2020.10.23"]
[SourceVersion "1"]
[SourceVersionDate "2020.10.23"]
[SourceQuality "1"]
[WhiteTeam "Isla de la Juventud"]
[BlackTeam "Havana"]
[WhiteTeamCountry "CUB"]
[BlackTeamCountry "CUB"]

1. e4 c5 2. Nf3 e6 3. d4 cxd4 4. c3 d3 5. Bxd3 d6 6. 0-0 Nf6 7. Qe2 Nc6 8. Bf4 e5 9. Bg5 h6 10. Bxf6 Qxf6 11. Nbd2 Bg4 12. h3 Bh5 13. Bc4 g5 14. Bd5 a6 15. Qe3 Qd8 16. Rfd1 Qc7 17. Nc4 b5 18. Nb6 Rb8 19. Bxc6+ Qxc6 20. Nd5 Bg7 21. Rd3 g4 22. hxg4 Bxg4 23. Rad1 a5 24. Qa7 Rb7 25. Qa8+ Kd7 26. Qxa5 Bxf3 27. gxf3 Rg8 28. Qa3 Bf8+ 29. Kf1 Kc8 30. Qa8+ 1-0

[Event "Artemisa Inder Anivers"]
[Site "Artemisa"]
[Date "2018.02.20"]
[Round "2.2"]
[White "Tornes Rosquet, Ingry"]
[Black "Sanchez Ramirez, Hernan Anderson"]
[Result "1-0"]
[WhiteElo "1558"]
[BlackElo "1603"]
[PlyCount "47"]
[EventDate "2018.02.20"]
[EventType "team-tourn"]
[EventRounds "10"]
[EventCountry "CUB"]
[SourceTitle "EXT 2021"]
[Source "ChessBase"]
[SourceDate "2020.10.23"]
[SourceVersion "1"]
[SourceVersionDate "2020.10.23"]
[SourceQuality "1"]
[WhiteTeam "San Antonio de los Banos"]
[BlackTeam "Isla de la Juventud"]
[WhiteTeamCountry "CUB"]
[BlackTeamCountry "CUB"]

1. e4 c5 2. Nc3 d6 3. g3 g6 4. Bg2 Bg7 5. Nge2 Nc6 6. 0-0 e6 7. d3 Nge7 8. Be3 Rb8 9. d4 cxd4 10. Nxd4 0-0 11. Ndb5 Bxc3 12. bxc3 Qa5 13. c4 Rd8 14. Nd4 e5 15. Nb3 Qc7 16. f4 Be6 17. fxe5 dxe5 18. Qf3 Bxc4 19. Bh6 Rd6 20. Nd2 Bxf1 21. Rxf1 f6 22. Qb3+ Kh8 23. Qf7 Nd5 24. Bg7# 1-0